Andrés Bello, 1865-1965. Homenaje de la Facultad de Filosofía y Educación de la Universidad de Chile.

Պահպանված է:
Մատենագիտական մանրամասներ
Հիմնական հեղինակ: González Rojas, Eugenio (autor)
Այլ հեղինակներ: Heise González, Julio (autor), Munizaga Aguirre, Roberto, 1905-1999, Feliú Cruz, Guillermo (autor), Oroz Scheibe, Rodolfo (autor), Donoso, Ricardo (autor), Carillo Herrera, Gastón (autor), Mandujano, Graciela (autor), Jobet, Julio César 1912-1980 (autor)
Ձևաչափ: Գիրք
Լեզու:անգլերեն
Հրապարակվել է: Santiago, Chile: Facultad de Filosofía; Educación de la Universidad de Chile, 1966.
Խորագրեր:
Ցուցիչներ: Ավելացրեք ցուցիչ
Չկան պիտակներ, Եղեք առաջինը, ով նշում է այս գրառումը!

MARC

LEADER 00000nam a22000007a 4500
003 CL-VaPUC
005 20230111171537.0
008 220719t1966 ||||| |||| 00| 0 eng d
999 |c 437224  |d 437222 
040 |c Pontificia Universidad Católica de Valparaíso 
082 |2 22  |a 923.2 GON 1966 
100 |9 873308  |a González Rojas, Eugenio   |e autor  
245 |a Andrés Bello, 1865-1965.   |b Homenaje de la Facultad de Filosofía y Educación de la Universidad de Chile.  
260 |a Santiago, Chile:   |b Facultad de Filosofía;   |b Educación de la Universidad de Chile,   |c 1966.  
300 |a 326 páginas.  
500 |a c.1 Donación Familia Prof. Alejandro Guzmán Brito. 
583 |c 20220719  |k Yessy Sthefany Diaz Vidal 
600 0 |9 872694  |a Bello, Andrés,   |d 1781-1865   |x Biografía 
700 |9 569704  |a Heise González, Julio  |e autor 
700 |9 869872  |a Munizaga Aguirre, Roberto,  |d 1905-1999 
700 |9 392726  |a Feliú Cruz, Guillermo  |e autor 
700 |a Oroz Scheibe, Rodolfo  |e autor  |9 316404 
700 |9 504246  |a Donoso, Ricardo  |e autor  
700 |9 873310  |a Carillo Herrera, Gastón  |e autor 
700 |9 507359  |a Mandujano, Graciela  |e autor 
700 |a Jobet, Julio César  |e autor  |d 1912-1980   |9 564850 
942 |2 ddc  |c BK  |n 0 
952 |0 0  |1 0  |2 ddc  |4 0  |6 923_200000000000000_GON_1966  |7 0  |8 C_AGB  |9 584982  |a BIBDER  |b BIBDER  |d 2022-07-19  |e Donación   |i 5652868  |o 923.2 GON 1966  |p 5652868  |r 2023-01-25  |t 1  |w 2022-07-19  |y BK_US  |k AGB